| 000 | 00340 a2200109 4500 | ||
|---|---|---|---|
| 001 | ART_31282 | ||
| 005 | 20260410161840.0 | ||
| 008 | 260409a | ||
| 245 | 1 | 0 | _aLa importancia del control público en los sistemas democráticos |
| 100 | 1 | _aIvanega, Miriam Mabel | |
| 773 | 0 |
_tRAP _g- Año 36, Nº 422 (nov. 2013) _wREV5941 |
|
| 999 |
_c24019 _d24019 |
||